| 000 | 00560nam a2200193Ia 4500 | ||
|---|---|---|---|
| 008 | 191130s2007##################000#0#eng## | ||
| 020 | _a9780745627984 | ||
| 040 |
_aACL _cACL |
||
| 082 | _a320.14 STA | ||
| 100 | _aStanyer, James | ||
| 245 |
_aModern political communications _cJames Stanyer |
||
| 260 |
_aCambridge _bPolity _cc2007 |
||
| 300 | _axii, 222 p. ; 23 cm | ||
| 500 | _aIncludes bibliographical references and index | ||
| 650 | _aCommunication in politics | ||
| 990 | _a909717dcac10000c59e4be6781a92ff4 | ||
| 991 | _a203931 | ||
| 999 |
_c13077 _d13077 |
||